LEADER 04237nam 2200745 450 001 9910787076803321 005 20230803204629.0 010 $a3-11-037397-1 010 $a3-11-030100-8 024 7 $a10.1515/9783110301007 035 $a(CKB)3710000000229369 035 $a(EBL)990703 035 $a(SSID)ssj0001332817 035 $a(PQKBManifestationID)12596919 035 $a(PQKBTitleCode)TC0001332817 035 $a(PQKBWorkID)11376358 035 $a(PQKB)11031657 035 $a(MiAaPQ)EBC990703 035 $a(DE-B1597)179341 035 $a(OCoLC)885386254 035 $a(OCoLC)890089565 035 $a(DE-B1597)9783110301007 035 $a(Au-PeEL)EBL990703 035 $a(CaPaEBR)ebr11010154 035 $a(CaONFJC)MIL783309 035 $a(EXLCZ)993710000000229369 100 $a20150205h20142014 uy 0 101 0 $ager 135 $aur|n|---||||| 181 $ctxt 182 $cc 183 $acr 200 10$aErfolgreich recherchieren$iWirtschaftswissenschaften /$fTamara Pianos, Nicole Kru?ger 210 1$aBerlin, Germany :$cDe Gruyter Saur,$d2014. 210 4$d©2014 215 $a1 online resource (133 p.) 225 1 $aDe Gruyter Studium,$x2194-3443 300 $aDescription based upon print version of record. 311 $a3-11-030099-0 320 $aIncludes bibliographical references and index. 327 $t Frontmatter -- $tVorwort -- $tInhaltsverzeichnis -- $tBasics der Literaturrecherche -- $t1. Recherche vorbereiten -- $t2. Was suchen? Buch, Aufsatz, Working Paper -- $t3. Wo suchen? Datenbank / Katalog / Suchmaschine -- $t4. Suche durchführen -- $t5. Häufig gestellte Fragen (Basics) -- $t6. Zusammengefasst: Basics für Eilige -- $tAdvanced: Literatur- und Faktenrecherche für angehende Profis -- $t7. (Die wichtigsten) Zeitschriften finden -- $t8. Zitationsanalyse und Forscher-Rankings - Oder: Wer/was wird am häufigsten zitiert? -- $t9. Fachportale und Fachangebote im Netz -- $t10. Dissertationen finden -- $t11. Presseartikel finden -- $t12. Statistiken finden -- $t13. Spezialbibliotheken nutzen -- $t14. Kontakte finden -- $t15. Auf dem Laufenden bleiben -- $t16. Häufig gestellte Fragen (Advanced) -- $t17. Zusammengefasst: Advanced für Eilige -- $tInformationen weiter verarbeiten -- $t18. Literatur bewerten -- $t19. Literatur beschaffen: Der Weg zum Volltext -- $t20. Literaturverwaltung -- $t21. Literatur zitieren -- $tNachwort -- $tRessourcenverzeichnis -- $tSachregister -- $tLiteraturhinweise -- $tAbbildungsnachweise -- $tÜber die Autorinnen 330 $aDer Band Erfolgreich recherchieren - Wirtschaftswissenschaften bietet einen umfassenden Überblick über die Informationsressourcen zu allen Teilgebieten der Wirtschaftswissenschaften. Vorgestellt werden nicht nur die zentralen Rechercheinstrumente wie Bibliothekskataloge, Fachbibliographien, Internetsuchmaschinen, Aufsatzdatenbanken und Nachschlagewerke, sondern auch Strategien für die erfolgreiche Literaturrecherche, die Suche nach statistischem Material und die Bewertung der gefundenen Quellen z.B. mit Hilfe von Rankings. Ein eigener Teil des Buches widmet sich der Weiterverarbeitung der gefundenen Informationen, also der Literaturbeschaffung, der Verwendung von Literaturverwaltungsprogrammen und dem richtigen Zitieren. Ob für das erste Referat oder die Abschlussarbeit - hier bekommen Sie einen kompetenten Leitfaden für die erfolgreiche betriebs- und volkswirtschaftliche Recherche an die Hand. 410 0$aDe Gruyter Studium. 606 $aEconomics$xResearch 606 $aEconomics literature 606 $aEconomics$xInformation resources 610 $aInformation competency. 610 $aeconomics. 610 $ainformation resources. 610 $aresearch. 610 $astudies. 615 0$aEconomics$xResearch. 615 0$aEconomics literature. 615 0$aEconomics$xInformation resources. 676 $a025.06/33 686 $aAK 39500$2rvk 700 $aPianos$b Tamara$01534950 702 $aKru?ger$b Nicole 801 0$bMiAaPQ 801 1$bMiAaPQ 801 2$bMiAaPQ 906 $aBOOK 912 $a9910787076803321 996 $aErfolgreich recherchieren$93782853 997 $aUNINA LEADER 02776nam 2200613 450 001 9910818989503321 005 20200520144314.0 010 $a1-283-20798-2 010 $a9786613207982 010 $a1-4411-9863-6 035 $a(CKB)2670000000106856 035 $a(EBL)742865 035 $a(OCoLC)745866169 035 $a(SSID)ssj0000524609 035 $a(PQKBManifestationID)12149173 035 $a(PQKBTitleCode)TC0000524609 035 $a(PQKBWorkID)10486759 035 $a(PQKB)11302156 035 $a(MiAaPQ)EBC742865 035 $a(Au-PeEL)EBL742865 035 $a(CaPaEBR)ebr10867529 035 $a(CaONFJC)MIL320798 035 $a(EXLCZ)992670000000106856 100 $a20140514h20102010 uy 0 101 0 $aeng 135 $aur|n|---||||| 181 $ctxt 182 $cc 183 $acr 200 10$aOpposition in discourse $ethe construction of oppositional meaning /$fLesley Jeffries 210 1$aLondon, England ;$aNew York, New York :$cContinuum International Publishing,$d2010. 210 4$d©2010 215 $a1 online resource (158 p.) 225 1 $aAdvances in Stylistics 300 $aDescription based upon print version of record. 311 $a1-4411-0162-4 311 $a1-84706-512-0 320 $aIncludes bibliographical references and index. 327 $aContents; Acknowledgements; Chapter One: What are opposites?; Chapter Two: How opposites are constructed in texts and what they mean; Chapter Three: Literary effects of constructed opposition; Chapter Four: The role of opposition-construction in discourse meanings; Chapter Five: The significance of opposition in language and texts; Notes; Bibliography; Index 330 $aLesley Jeffries introduces a phenomenon which has not been given the attention it deserves - the contextual construction of oppositional meaning. These are opposites not recognisable as such out of context but that are clearly set up this way in the text concerned. The significance of oppositional meaning is well-known, and has been discussed by scholars for millennia, from Philosophy to Politics. But the main emphasis has always been on the conventional opposite: the opposite recognised by lexical semantics. Starting from socio-cultural viewpoints, moving to original research and then c 410 0$aAdvances in stylistics. 606 $aOpposition (Linguistics) 606 $aCritical discourse analysis 615 0$aOpposition (Linguistics) 615 0$aCritical discourse analysis. 676 $a401.41 700 $aJeffries$b Lesley$f1956-$0221127 801 0$bMiAaPQ 801 1$bMiAaPQ 801 2$bMiAaPQ 906 $aBOOK 912 $a9910818989503321 996 $aOpposition in discourse$94120880 997 $aUNINA